| 000 | 00633nam a22001937a 4500 | ||
|---|---|---|---|
| 003 | OSt | ||
| 005 | 20140310182440.0 | ||
| 008 | 130402t xxu||||| |||| 00| 0 eng d | ||
| 020 | _a0801618339 | ||
| 050 |
_aR 898 _b.In57 1992 |
||
| 110 |
_aMosby Year-Book Inc. _97782 |
||
| 245 |
_aIntroduction to radiologic technology / _c [edited by] LaVerne Tolley Gurley, William J. Callaway |
||
| 260 |
_aMaryland Heights, MO: _bElsevier/Mosby, _cc1992. |
||
| 300 |
_a349 p. : _c23 cm. _bill. ; |
||
| 650 |
_aRadiology, Medical. _xVocational Guidance. _97654 |
||
| 711 |
_aMosby Year-Book Inc. _97783 |
||
| 942 |
_2lcc _cSSLC |
||
| 999 |
_c13512 _d13512 |
||